000 01080nam a2200301 i 4500
003 DO-SdBNP
005 20250416131410.0
007 ta
008 220202e2019 dr ||||gr|||| 001 edspa d
020 _a9789945614985
040 _aDO-SdBNP
_bspa
_cBNPHU
_erda
082 4 _axx
_bM647c
_222
100 1 _aMiller, Jeannette,
_d1944-
_983484
_eautora
_4aut.
245 1 0 _aColor de piel /
_cJeannette Miller.
264 1 _aSanto Domingo :
_b Editorial Santuario,
_c2019.
300 _a218 páginas
_c23 cm
336 _atexto
_btxt
_2rdacontent
337 _asin mediación
_bn
_2rdamedia
338 _avolumen
_bnc
_2rdacarrier
500 _aIncluye datos biográficos de la autora en la solapa de la contraportada.
590 _aInventariado 2022 / MF
650 4 _95143
_aMujeres
_vBiografía
_zRepública Dominicana
650 4 _941804
_aMujeres en la Literatura
_xBiografía
_zRepública Dominicana
650 4 _923108
_aAutobiografía
_vFicción
_xNovelas
_zRepública Dominicana
650 0 _976416
_aMujeres Dominicanas
_vRelatos Personales
910 _aMFeliz
942 _2ddc
_cLBS1
999 _c51310
_d51310